The Next Step Cast By Character - Statistics

General Stats
  • This quiz has been taken 1,395 times
  • The average score is 13 of 15
Answer Stats
Actor/Actress Character % Correct
Alexandra Beaton Emily
99%
Trevor Tordjman James
98%
Brittany Raymond Riley
98%
Isaac Lupien Eldon
95%
Logan Fabbro Amanda
92%
Lamar Johnson West
91%
Victoria Baldesarra Michelle
89%
Samantha Grecchi Stephanie
89%
Jordan Clark Giselle
87%
Brennan Clost Daniel
86%
Taveeta Syzmanowicz Thalia
81%
Jennifer Pappas Chloe
80%
Zac Vran Hunter
80%
Bree Wasylenko Kate
75%
Tamina Pollack-Paris Tiffany
75%
No matching quizzes found
Score Distribution
Percent of People with Each Score
Percentile by Number Answered
Your Score History
You have not taken this quiz